01120nam a2200145 4500008001000000020001800010082001500028100002300043245005600066260005300122300003600175505066500211650006200876700003600938708 A675a a9788482155456 a708bA675a aAnglada, Cristina  aARCO:bFeria Internacional de Arte Contemporáneo  aMadridbARCOmadridbIFEMA, Feria de Madridc2019 a567 p.bil. (col)c24 x 16,5 cm tComité de Honor - Committee of Honour tComité Organizador - Organising CommitteetOrganización - OrganisationtComisario de ARCOmadrid 2019 - ARCOmadrid 2019 CuratorstComité Apoyo Perú en ARCO - Support Committee Peru in ARCO tPerú Comité Organizador - Organising Committee Peru tIndices - Indexes tGalerías y Secciones - Galleries and Sections tGalerías - Galleries tProyectos Institucionales - Institutional Projects tARCO Espacios Culturales - ARCO Cultural Spaces tLibrerías - Bookshops tRevistas - Magazines tPublicidad - Publicity tIndices - Indexes tGalerías por Países y Artistas - Galleries by Countris and Artists xarte contemporáneo xarte - exhibicionesxarte - feria  ade Meñaka, Amaia (edición)